[Event "Olympiad Women 2024"]
[Site "Budapest HUN"]
[Date "2024.09.15"]
[Round "5.11"]
[Board "3"]
[White "Guichard, Pauline"]
[Black "Karimi, Setayesh"]
[Result "1/2-1/2"]
[WhiteElo "2374"]
[BlackElo "2105"]
[PlyCount "94"]
[EventDate "2024.09.11"]
[WhiteTeam "France"]
[BlackTeam "Iran"]
[WhiteTeamCountry "FRA"]
[BlackTeamCountry "IRI"]

1. d4 Nf6 2. c4 g6 3. Nc3 d5 4. cxd5 Nxd5 5. Bd2 Bg7 6. e4 Nb6 7. Be3 O-O 8. a4 a5 9. h3 Nc6 10. Nf3 f5 11. exf5 Bxf5 12. Be2 Nb4 13. Rc1 c6 ({RR} 13... c5 14. O-O c4 15. Ne5 Rc8 16. b3 Bxe5 17. dxe5 Qxd1 18. Bxd1 Nd7 19. f4 Be6 20. bxc4 Bxc4 21. Be2 Bxe2 22. Nxe2 Nd5 23. Bd2 b6 24. Nd4 Nc5 25. Rc4 Ne4 26. Rxc8 Rxc8 27. Rc1 Rxc1+ 28. Bxc1 {0-1 Vijayakumar,A (2065)-Plat,V (2477) PNWCC Artist Point 2024 (2)}) 14. O-O Qd6 $146 ({RR} 14... N6d5 15. Bd2 Qd6 16. Re1 Kh8 17. Nxd5 Nxd5 18. Bc4 Nb4 19. Qb3 Rad8 20. Bg5 Bf6 21. Bh6 Bg7 22. Qe3 Rde8 23. Bf4 Nd5 24. Bxd5 Qxd5 25. Rc5 Qd8 26. Be5 Bc8 27. Qh6 Rf6 28. Bxf6 exf6 29. Rxe8+ {1-0 Carlsen,M (2862)-Vachier Lagrave,M (2784) Opera Euro Rapid KO 2021 (2.33)}) 15. Qd2 Rad8 16. Rfd1 Rfe8 17. Bf4 e5 18. Nxe5 Bxe5 19. dxe5 Qxd2 20. Rxd2 Rxd2 21. Bxd2 Rxe5 22. Be3 N6d5 23. Bc4 Nd3 24. Bd4 Re7 25. Nxd5 cxd5 26. Bxd5+ Kf8 27. Rc3 Rd7 28. Bc5+ Nxc5 29. Rxc5 b6 30. Rc8+ Ke7 31. Bf3 Rd1+ 32. Bxd1 Bxc8 33. Bc2 Kd6 34. f4 Kd5 35. Kf2 Kd4 36. g4 Be6 37. Kg3 Bf7 38. Kh4 Ke3 39. f5 Kf4 40. fxg6 hxg6 41. g5 Be8 42. Bb1 Bf7 43. Bd3 Be8 44. Bb1 Bf7 45. Bc2 Be8 46. Bb3 Bd7 47. Bc2 Be8 1/2-1/2

[Event "Olympiad Women 2024"]
[Site "Budapest HUN"]
[Date "2024.09.15"]
[Round "5.11"]
[Board "4"]
[White "Hamedi Nia, Vesal"]
[Black "Benmesbah, Natacha"]
[Result "0-1"]
[WhiteElo "1986"]
[BlackElo "2258"]
[PlyCount "104"]
[EventDate "2024.09.11"]
[WhiteTeam "Iran"]
[BlackTeam "France"]
[WhiteTeamCountry "IRI"]
[BlackTeamCountry "FRA"]

1. d4 Nf6 2. Nf3 g6 3. Bg5 Bg7 4. Nbd2 d5 5. e3 O-O 6. a4 $146 ({RR} 6. h3 b6 7. c4 Bb7 8. cxd5 Nxd5 9. Be2 h6 10. Bh4 Nd7 11. O-O c5 12. Nc4 N5f6 13. dxc5 Nxc5 14. Nd4 Qd5 15. f3 Rad8 16. Qc2 Ne6 17. Rfd1 Nxd4 18. Rxd4 Qe6 19. Rxd8 Rxd8 20. Bf2 Nd5 {½-½ Sorensen,H (2235)-Norgaard,J (2325) Copenhagen Open-07 (Politiken Cup-06) 1985 (1)}) ({RR} 6. Rc1 h6 7. Bh4 Nbd7 8. c4 c5 9. Be2 cxd4 10. Nxd4 e5 11. N4b3 a5 12. cxd5 g5 13. Bg3 Nxd5 14. Nc4 Nf4 15. O-O a4 16. Nbd2 Nxe2+ 17. Qxe2 f5 18. f3 Qe7 19. Qd3 Ra6 20. Rfd1 Kh8 {0-1 Ye,R (2540)-Lputian,S (2585) Shenzhen 1992 (10)}) ({RR} 6. h3 b6 7. Bd3 Bb7 8. O-O Nbd7 9. c3 Re8 10. Ne5 Nxe5 11. dxe5 Ne4 12. Bf4 c5 13. Bb5 Rf8 14. Nxe4 dxe4 15. Qxd8 Rfxd8 16. Rfd1 a6 17. Bd7 e6 18. Bg5 Rdb8 19. Bf6 Bxf6 20. exf6 Rd8 {1-0 Gnechko,R (2104)-Fernandez,G (2161) Titled Tue 25th Jun Early 2024 (1)}) ({RR} 6. Rc1 b6 7. c4 Ba6 8. Be2 Ne4 9. Bh4 c5 10. O-O Nc6 11. cxd5 Bxe2 12. Qxe2 Nxd2 13. Qxd2 Qxd5 14. dxc5 Qxd2 15. Nxd2 b5 16. b3 Rfd8 17. Rfd1 Rd5 18. Kf1 Rad8 19. Ke2 g5 20. Bg3 f5 {1-0 Mohr,G (2450)-Ivanovic,B (2520) YUG-chT Cetinje 1990 (6)}) 6... c5 7. c3 cxd4 8. exd4 Nc6 9. Bd3 Nh5 10. O-O Qc7 11. Re1 Kh8 12. Nf1 f6 13. Bh4 e5 14. Be2 e4 15. N3d2 Nf4 16. Bg3 g5 17. Ne3 Qf7 18. Bb5 f5 19. Qb3 Be6 20. Nc2 Nd3 21. Bd6 Rfd8 22. Ba3 Nxe1 23. Rxe1 f4 24. Bf1 Rg8 25. Qb5 Bf6 26. Nb3 Rae8 27. Nc5 Bc8 28. Qb3 Rg7 29. Qa2 b6 30. Nb3 Bf5 31. Bb5 Rc8 32. Nb4 Nxb4 33. Bxb4 Bd7 34. Ba6 Rd8 35. a5 b5 36. Nc5 Bc6 37. b3 f3 38. gxf3 exf3 39. Qc2 Re8 40. Rf1 Bd8 41. Bc8 Bxa5 42. Bxa5 Rxc8 43. Kh1 Re8 44. Nd3 Qf5 45. Qd1 Re2 46. Rg1 g4 47. Rg3 Be8 48. Bd8 Bg6 49. Ne5 Qe4 50. Rg1 g3 51. hxg3 Rxf2 52. Rf1 Qe2 0-1

[Event "Olympiad Women 2024"]
[Site "Budapest HUN"]
[Date "2024.09.15"]
[Round "5.12"]
[Board "1"]
[White "Cori T., Deysi"]
[Black "Yao, Lan"]
[Result "1/2-1/2"]
[WhiteElo "2366"]
[BlackElo "2353"]
[PlyCount "99"]
[EventDate "2024.09.11"]
[WhiteTeam "Peru"]
[BlackTeam "England"]
[WhiteTeamCountry "PER"]
[BlackTeamCountry "ENG"]

1. Nf3 d5 2. g3 Nf6 3. Bg2 e6 4. O-O Be7 5. c4 O-O 6. b3 d4 7. e3 c5 8. exd4 cxd4 9. d3 Nc6 10. Na3 Re8 ({RR} 10... e5 11. Re1 Nd7 12. Nc2 Re8 13. a3 a5 14. Rb1 Bf8 15. b4 axb4 16. axb4 Ra2 17. b5 Ncb8 18. Bd2 f6 19. Nb4 Ra3 20. Ra1 Rxa1 21. Qxa1 Nc5 22. Qa7 Be6 23. Rd1 Nbd7 24. Ne1 Qc8 25. Nd5 {0-1 Leitao,R (2592)-Sarana,A (2695) Titled Tue 9th Jan Late 2024 (5)}) 11. Nc2 e5 12. a3 a5 13. h3 $146 ({RR} 13. Re1 Nd7 14. Rb1 Rb8 15. b4 axb4 16. axb4 b5 17. c5 Bf8 18. Ng5 h6 19. Nxf7 Qf6 20. Qh5 Bb7 21. Bd5 Kh7 22. Bg5 g6 23. Qh4 Qg7 24. Nxh6 Qxh6 25. Bxh6 Bxh6 26. Ra1 Kg7 27. Bxc6 Bxc6 {1-0 Barria Zuniga,D (2341)-Svane,R (2637) Titled Tuesday intern op 07th Dec blitz 2021 (2)}) 13... h6 14. Re1 Bf8 15. g4 Qd6 16. Nd2 Be6 17. Rb1 Rab8 18. Qf3 Ne7 19. Qg3 Ng6 20. Ne4 Nxe4 21. Bxe4 Bd7 22. b4 b6 23. Re2 Be7 24. Ne1 axb4 25. axb4 Bh4 26. Qh2 Bc6 27. Qg2 Bxe4 28. Qxe4 Re6 29. Nf3 Qe7 30. Bd2 Re8 31. Qf5 Qb7 32. Qe4 Qe7 33. Qf5 Bf6 34. Ra1 Qc7 35. Ree1 e4 36. Rxe4 Rxe4 37. dxe4 Qxc4 38. g5 hxg5 39. Bxg5 Qd3 40. Bxf6 gxf6 41. Qxf6 Qxe4 42. Re1 Qa8 43. Rxe8+ Qxe8 44. Qxd4 Qc6 45. Qe3 Qd5 46. Qe8+ Kg7 47. Qe3 Kg8 48. Qe8+ Kg7 49. Qe3 Kg8 50. Qe8+ 1/2-1/2

[Event "Olympiad Women 2024"]
[Site "Budapest HUN"]
[Date "2024.09.15"]
[Round "5.12"]
[Board "2"]
[White "Houska, Jovanka"]
[Black "Aliaga Fernandez, Ingrid Y"]
[Result "1-0"]
[WhiteElo "2333"]
[BlackElo "2111"]
[PlyCount "93"]
[EventDate "2024.09.11"]
[WhiteTeam "England"]
[BlackTeam "Peru"]
[WhiteTeamCountry "ENG"]
[BlackTeamCountry "PER"]

1. d4 d5 2. c4 dxc4 3. Nf3 Nf6 4. e3 e6 5. Bxc4 c5 6. O-O a6 7. Nbd2 Nc6 8. dxc5 Bxc5 9. a3 O-O 10. b4 Bd6 11. Bb2 b5 12. Be2 Bb7 13. Qb1 $146 ({RR} 13. e4 Qb8 14. Rc1 Ne5 15. g3 Nxe4 16. Nxe4 Bxe4 17. Qd4 Bxf3 {0-1 Rama,T (2014)-Estrada Nieto,J (2263) Titled Tuesday intern op 05th Jul Late blitz 2022 (5)}) ({RR} 13. Rc1 Qb8 14. h3 Ne5 15. Nb3 Nxf3+ 16. Bxf3 Bh2+ 17. Kh1 Bxf3 18. Qxf3 Be5 19. Bd4 Nd5 20. Rc5 Qd6 21. Bxe5 Qxe5 22. e4 Qb2 23. exd5 exd5 24. Rxd5 Qxa3 25. Rd4 Rac8 26. Nc5 Qb2 27. Rfd1 h6 {1-0 Volkov,M (2302)-Estrada Nieto,J (2199) Titled Tue 27th Feb Early 2024 (7)}) 13... Qe7 14. Rd1 Rfd8 15. Nf1 Rac8 16. Ng3 Bb8 17. Rxd8+ Rxd8 18. Qc2 h6 19. Rc1 Na7 20. Ne5 Rc8 21. Qb1 Rxc1+ 22. Qxc1 Qc7 23. Qa1 Ne8 24. Bh5 g6 25. Bd1 Nc6 26. Nd3 Qe7 27. Nc5 e5 28. Nxb7 Qxb7 29. Bf3 Qc7 30. Ne4 Ba7 31. Qc1 Kf8 32. Nc5 Ne7 33. Bxe5 Qc8 34. Bb7 Qf5 35. e4 Qh5 36. Nd7+ Kg8 37. Nf6+ Nxf6 38. Bxf6 Qe2 39. Bxe7 Bxf2+ 40. Kh1 Be1 41. Bc5 Bd2 42. Qb1 h5 43. Bxa6 h4 44. h3 g5 45. Bc8 Bf4 46. Bg4 Qd2 47. Qd1 1-0

[Event "Olympiad Women 2024"]
[Site "Budapest HUN"]
[Date "2024.09.15"]
[Round "5.12"]
[Board "3"]
[White "Contreras Huaman, Fiorella"]
[Black "Toma, Katarzyna"]
[Result "1-0"]
[WhiteElo "2168"]
[BlackElo "2184"]
[PlyCount "81"]
[EventDate "2024.09.11"]
[WhiteTeam "Peru"]
[BlackTeam "England"]
[WhiteTeamCountry "PER"]
[BlackTeamCountry "ENG"]

1. e4 c5 2. Nc3 a6 3. g3 b5 4. Bg2 Bb7 5. d3 e6 6. Nh3 Be7 7. O-O Nc6 8. f4 Qc7 9. e5 ({RR} 9. f5 Nf6 10. Bf4 Ne5 11. Qe2 h6 12. a4 b4 13. Nd1 g5 14. fxg6 fxg6 15. Ne3 Bd6 16. c3 g5 17. Nxg5 hxg5 18. Bxg5 Nh5 19. d4 Nf7 20. Rxf7 Kxf7 21. Rf1+ Kg8 22. Qg4 Ng7 23. Bf6 Bf8 {1-0 Sosa,T (2544)-Santos Ruiz,M (2590) II Menorca Open 2023 (8.8)}) ({RR} 9. f5 Nf6 10. Bf4 Bd6 11. Qd2 O-O 12. Rae1 Be5 13. Kh1 Rae8 14. Bg5 Kh8 15. Nf4 Nd4 16. Bxf6 Bxf6 17. Nh5 Be5 18. Nd1 g6 19. fxg6 fxg6 20. Nf4 Bg7 21. Ne3 Nc6 22. c3 a5 23. Qc2 Ba6 {0-1 Thorfinnsson,B (2397)-Nagy,G (2436) TCh-ISL Kvika 2023-24 (6.2)}) 9... f5 $146 ({RR} 9... O-O-O 10. Ne4 f5 11. Neg5 Nh6 12. a4 b4 13. c3 Rdf8 14. Bd2 Qb6 15. Nf3 Ng4 16. Nf2 g5 17. a5 Qc7 18. cxb4 gxf4 19. gxf4 Rfg8 20. Ne1 Nd4 21. h3 Nxf2 22. Rxf2 Bh4 23. Qh5 Bxf2+ 24. Kxf2 {0-1 Kouvidis,I (2128)-Tsarsitalidis,K (2014) GRE-ch U18 23rd 2020 (9)}) 10. exf6 Nxf6 11. Ne4 O-O 12. c3 Rae8 13. Be3 Nd8 14. Nhg5 Nxe4 15. Nxe4 Nf7 16. d4 c4 17. Qh5 g6 18. Qh3 Bd5 19. Rae1 Qc6 20. Bd2 a5 21. g4 Nd6 22. Nc5 Nc8 23. Ne4 Nb6 24. f5 exf5 25. gxf5 Rxf5 26. Rxf5 gxf5 27. Qxf5 Rf8 28. Qg4+ Qg6 29. Qxg6+ hxg6 30. Nc5 Bh4 31. Bxd5+ Nxd5 32. Re4 d6 33. Nb7 Be7 34. Nxa5 Ra8 35. Nc6 Bf8 36. a3 Rc8 37. Nb4 Nf6 38. Re2 Kf7 39. Bg5 d5 40. Rf2 Bxb4 41. Rxf6+ 1-0

[Event "Olympiad Women 2024"]
[Site "Budapest HUN"]
[Date "2024.09.15"]
[Round "5.12"]
[Board "4"]
[White "Sivanandan, Bodhana"]
[Black "Garcia Andrada, Heidy Nicole"]
[Result "0-1"]
[WhiteElo "2196"]
[BlackElo "2003"]
[PlyCount "66"]
[EventDate "2024.09.11"]
[WhiteTeam "England"]
[BlackTeam "Peru"]
[WhiteTeamCountry "ENG"]
[BlackTeamCountry "PER"]

1. e4 c5 2. Nf3 a6 3. c3 d5 4. exd5 Qxd5 5. d4 e6 6. Be3 cxd4 7. Qxd4 Nf6 8. Bc4 Qxd4 9. Bxd4 ({RR} 9. Nxd4 b5 10. Be2 Bb7 11. O-O Nbd7 12. Nd2 Nd5 13. Bg5 e5 14. N4f3 h6 15. Bh4 f5 16. h3 f4 17. Nd4 g5 18. Bh5+ Kd8 19. N4f3 Be7 20. Bg4 N5b6 21. Rfe1 Bf6 22. Rad1 Kc7 23. Nb3 Rad8 {0-1 Frutuoso,T (1835)-Goncalves,S (2209) 3rd Leca Chess Open 2024 (4.31)}) 9... Nc6 10. Nbd2 $146 ({RR} 10. Bb6 Nd7 11. Be3 b5 12. Be2 Bc5 13. Bxc5 Nxc5 14. O-O Bb7 15. Nbd2 Ke7 16. Nb3 Na4 17. Rab1 Rac8 18. Nfd2 Ne5 19. Na5 Rhd8 20. Rfd1 Bd5 21. Ndb3 Nc4 22. Nxc4 bxc4 23. Nd2 Rd6 24. Nf1 Rb6 {0-1 Heinemann,J (2221)-Vega Gutierrez,S (2375) FRA-chT Top 12 (Women) GpB 2016 (2.1)}) ({RR} 10. Bb6 Nd7 11. Be3 Bc5 12. Bxc5 Nxc5 13. Nbd2 Ke7 14. O-O Rd8 15. Rfe1 b5 16. Bf1 Na4 17. b3 Nxc3 18. Rec1 b4 19. a3 Bb7 20. axb4 Nb5 21. Nc4 Nxb4 22. Nb6 Bxf3 23. Nxa8 Bxa8 24. Ra4 Nd3 {0-1 Fischer,D (2125)-Baklan,V (2600) Boeblingen op 20th 2003 (2)}) 10... Be7 11. O-O O-O 12. Rad1 b5 13. Bb3 Bb7 14. Rfe1 Nxd4 15. Nxd4 Bd5 16. Bxd5 Nxd5 17. N2f3 Rfe8 18. Kf1 Rac8 19. g3 g6 20. Re2 Bf6 21. Ne5 h5 22. h4 Re7 23. Nc2 Rec7 24. Nd3 a5 25. Ne3 Nb6 26. Red2 Kg7 27. Nc1 b4 28. Ne2 bxc3 29. bxc3 Na4 30. Rd7 Nxc3 31. Nxc3 Rxd7 32. Rxd7 Rxc3 33. Ke2 g5 0-1

[Event "Olympiad Women 2024"]
[Site "Budapest HUN"]
[Date "2024.09.15"]
[Round "5.13"]
[Board "1"]
[White "Roebers, Eline"]
[Black "Medic, Mirjana"]
[Result "1/2-1/2"]
[WhiteElo "2340"]
[BlackElo "2101"]
[PlyCount "105"]
[EventDate "2024.09.11"]
[WhiteTeam "Netherlands"]
[BlackTeam "Croatia"]
[WhiteTeamCountry "NED"]
[BlackTeamCountry "CRO"]

1. e4 e6 2. d4 d5 3. Nc3 Nf6 4. Bg5 dxe4 5. Nxe4 Nbd7 6. Nxf6+ Nxf6 7. Nf3 Be7 8. Bd3 c5 9. dxc5 Qa5+ 10. c3 Qxc5 11. Qe2 O-O 12. O-O-O Rd8 13. h4 ({RR} 13. Bxf6 Bxf6 14. Bxh7+ Kf8 15. Rxd8+ Bxd8 16. Bc2 Bf6 17. Rd1 b5 18. Kb1 b4 19. cxb4 Qxb4 20. Ne5 Rb8 21. Bb3 Qb5 22. Qxb5 Rxb5 23. Ng4 Be7 24. f3 Rc5 25. Nf2 Rc7 26. Ne4 Bb7 27. Nc3 Bf6 {½-½ Tolnai,T (2480)-Bischoff,K (2510) EU-Cup 08th round of 32 1991 (1.2)}) ({RR} 13. Bxf6 Bxf6 14. Bxh7+ Kxh7 15. Rxd8 Bxd8 16. Qd3+ Qf5 17. Qxd8 f6 18. Rd1 e5 19. Qe8 Qf4+ 20. Rd2 b6 21. Qh5+ Kg8 22. Qe8+ Kh7 23. Qc6 Rb8 24. g3 Qh6 25. Qe4+ Kh8 26. Nxe5 fxe5 27. Qxe5 Rb7 {1-0 Jones,S (2230)-Alizada,E (2002) 4NCL Div 2 2023-24 (6.22)}) 13... Bd7 14. h5 $146 ({RR} 14. g4 Bc6 15. Rhg1 Bd5 16. Kb1 Qa5 17. c4 Bc6 18. Bd2 Bb4 19. Bxb4 Qxb4 20. g5 Nd7 21. h5 Bxf3 22. Qxf3 Nf8 23. g6 fxg6 24. hxg6 Nxg6 25. Bxg6 hxg6 26. Rxg6 Rxd1+ 27. Qxd1 Qxc4 28. Rg4 Qc5 {0-1 Przybylowicz,K (1883)-Kaluzny,W (2155) POL-ch Seniors 18th 2007 (1.4)}) ({RR} 14. Ne5 Be8 15. g4 b5 16. f4 a5 17. Qc2 h6 18. Bxh6 gxh6 19. g5 Nd7 20. Nxd7 Rxd7 21. gxh6 Qe3+ 22. Kb1 Bf6 23. Qg2+ Kf8 24. Qxa8 Rxd3 25. Qxa5 Rxd1+ 26. Rxd1 Qe4+ 27. Ka1 Qxf4 28. Qb4+ Qxb4 {½-½ Asghari,M (1759)-Khalili,A (1740) IRI-ch (Women) 2014 (10)}) 14... h6 15. Be3 Qa5 16. Kb1 e5 17. Nd2 Be6 18. Bc4 Bxc4 19. Nxc4 Qb5 20. Rxd8+ Rxd8 21. Re1 b6 22. Bc1 e4 23. Nd2 Qxh5 24. Qxh5 Nxh5 25. Nxe4 Nf6 26. Ng3 Bc5 27. Re2 Re8 28. Rxe8+ Nxe8 29. Ne4 Be7 30. Kc2 g5 31. Kd3 f5 32. Nd2 Kf7 33. Nf3 Bc5 34. Ke2 a5 35. Bd2 b5 36. c4 b4 37. Ne5+ Ke6 38. Nc6 Bb6 39. Be3 Bc7 40. Kd3 Nf6 41. Nd4+ Ke5 42. Nb5 Bd8 43. Bd4+ Ke6 44. Bxf6 Bxf6 45. Nd4+ Ke5 46. b3 h5 47. Ne2 g4 48. f4+ Ke6 49. g3 Kd6 50. Nd4 Bxd4 51. Kxd4 Ke6 52. Ke3 Kd6 53. Kd4 1/2-1/2

[Event "Olympiad Women 2024"]
[Site "Budapest HUN"]
[Date "2024.09.15"]
[Round "5.13"]
[Board "2"]
[White "Berke, Ana"]
[Black "Peng, Zhaoqin"]
[Result "1/2-1/2"]
[WhiteElo "2093"]
[BlackElo "2349"]
[PlyCount "63"]
[EventDate "2024.09.11"]
[WhiteTeam "Croatia"]
[BlackTeam "Netherlands"]
[WhiteTeamCountry "CRO"]
[BlackTeamCountry "NED"]

1. e4 e6 2. d4 d5 3. Nd2 c5 4. Ngf3 Nf6 5. e5 Nfd7 6. c3 Nc6 7. Bd3 Be7 8. O-O a6 9. Re1 g5 10. dxc5 Nxc5 11. Nb3 Nxd3 12. Qxd3 Bd7 13. Bd2 $146 ({RR} 13. Nfd4 Qc7 14. Nxc6 Bxc6 15. Be3 Bb5 16. Qd2 Rg8 17. a4 Bd7 18. Bd4 Rc8 19. Qe3 h5 20. Nc1 Rg6 21. Nd3 Qc4 22. b4 Kf8 23. f4 g4 24. f5 Bg5 25. Qf2 exf5 26. e6 Rxe6 27. Ne5 Rxe5 {½-½ Dvirnyy,D (2554)-Moroni,L (2478) ITA-ch 76th Rome 2016 (7)}) 13... h6 14. Rac1 b5 15. h3 Qc7 16. Nbd4 Kf8 17. b3 Kg7 18. Nxc6 Qxc6 19. Nd4 Qc8 20. f4 gxf4 21. Rf1 Qg8 22. Rxf4 Qh7 23. Qg3+ Kf8 24. Rcf1 Ke8 25. Rxf7 Qxf7 26. Rxf7 Kxf7 27. Qf3+ Kg7 28. Qg4+ Kf7 29. Qh5+ Kg7 30. Qg4+ Kf7 31. Qh5+ Kg7 32. Qg4+ 1/2-1/2

[Event "Olympiad Women 2024"]
[Site "Budapest HUN"]
[Date "2024.09.15"]
[Round "5.13"]
[Board "3"]
[White "Van Foreest, Machteld"]
[Black "Ivekovic, Tihana"]
[Result "1-0"]
[WhiteElo "2224"]
[BlackElo "2143"]
[PlyCount "55"]
[EventDate "2024.09.11"]
[WhiteTeam "Netherlands"]
[BlackTeam "Croatia"]
[WhiteTeamCountry "NED"]
[BlackTeamCountry "CRO"]

1. e4 e5 2. Nf3 Nc6 3. Bc4 Nf6 4. d3 Bc5 5. c3 d6 6. Nbd2 a6 7. Bb3 Ba7 8. Nf1 Ne7 9. Ng3 O-O 10. Bg5 Ng6 11. Nh5 Be6 12. h3 Re8 13. Qd2 Kh8 14. Nh2 $146 ({RR} 14. O-O-O b5 15. g4 Bxb3 16. axb3 Re6 17. h4 Qf8 18. Nxf6 gxf6 19. Bh6 Qe7 20. h5 Nf8 21. Nh4 Qd8 22. Nf5 b4 23. Kc2 bxc3 24. bxc3 Rb8 25. Ra1 d5 26. f3 d4 27. c4 Bc5 28. g5 fxg5 {1-0 Belic,J (2277)-Nestorovic,I (2009) SRB-chT (Women) 2014 (7.2)}) 14... Bxb3 15. axb3 Re6 16. Ng4 Qe7 17. Qe2 Nf4 18. Nxf4 exf4 19. O-O d5 20. Qf3 dxe4 21. dxe4 Qc5 22. Bxf6 gxf6 23. Qxf4 Qe7 24. Rfe1 Rg8 25. Rad1 Rg5 26. Nh6 Ree5 27. h4 Rg6 28. Rd8+ 1-0

[Event "Olympiad Women 2024"]
[Site "Budapest HUN"]
[Date "2024.09.15"]
[Round "5.13"]
[Board "4"]
[White "Vujnovic, Patricija"]
[Black "Bensdorp-De Labaca, Marlies"]
[Result "1/2-1/2"]
[WhiteElo "2134"]
[BlackElo "2241"]
[PlyCount "105"]
[EventDate "2024.09.11"]
[WhiteTeam "Croatia"]
[BlackTeam "Netherlands"]
[WhiteTeamCountry "CRO"]
[BlackTeamCountry "NED"]

1. e4 c6 2. Nf3 d5 3. Nc3 dxe4 4. Nxe4 Nf6 5. Qe2 Nxe4 6. Qxe4 Nd7 7. Bc4 Nf6 8. Ne5 e6 9. Qe2 Be7 10. O-O ({RR} 10. c3 O-O 11. d4 c5 12. dxc5 Bxc5 13. O-O Nd7 14. Bf4 Nxe5 15. Bxe5 f6 16. Rad1 Qb6 17. Bd4 Bxd4 18. Rxd4 Kh8 19. f4 Bd7 20. Qf2 Bc6 21. Rd6 Qc7 22. Qc5 Rfd8 23. Rfd1 Rxd6 24. Qxd6 Qb6+ {0-1 Shanava,K (2504)-Paichadze,L (2565) Gaprindashvili Cup op 2nd rapid 2020 (3)}) 10... O-O 11. a4 c5 12. Ra3 ({RR} 12. d3 Nd5 13. Re1 b6 14. Nc6 Qc7 15. Bxd5 exd5 16. Nxe7+ Kh8 17. Nxd5 Qc6 18. c4 Bb7 19. Bd2 Rfe8 20. Qh5 Re6 21. Bc3 Rae8 22. Rxe6 fxe6 23. Qf7 e5 24. Re1 Qg6 25. Qxg6 hxg6 26. Rxe5 Rd8 {1-0 Riff,V (2367)-Eggleston,T (2188) Titled Tue 20th Aug Late 2024 (3)}) 12... Qc7 $146 ({RR} 12... Nd7 13. Rh3 Nxe5 14. Qxe5 g6 15. Rd3 Qb6 16. b3 Rd8 17. Rxd8+ Bxd8 18. Ba3 Be7 19. d4 Qd6 20. Qxd6 Bxd6 21. Bxc5 Bxc5 22. dxc5 Kf8 23. Rd1 Ke7 24. f4 Bd7 25. Bb5 Be8 26. Bxe8 Rxe8 27. a5 {½-½ Van der Wiel,J (2555)-Boersma,P (2405) NED-ch41 Hilversum 1986 (9)}) 13. Rh3 Bd6 14. f4 b6 15. b3 Bb7 16. Bb2 Rfe8 17. Bd3 h6 18. Ng4 Nxg4 19. Qxg4 f5 20. Qg6 Qf7 21. Rxh6 Qxg6 22. Rxg6 Bf8 23. h4 Kf7 24. h5 Rad8 25. Bc3 Rxd3 26. cxd3 Rd8 27. Rg3 Ba6 28. Rff3 Bb7 29. Rf1 Ba6 30. Rc1 Bxd3 31. Be5 Be2 32. d4 Bxh5 33. dxc5 Bxc5+ 34. Rxc5 bxc5 35. Rxg7+ Ke8 36. Rxa7 Rd1+ 37. Kh2 Rb1 38. Bd6 Rxb3 39. Bxc5 Rc3 40. Bd6 Rc6 41. Bc7 Be2 42. a5 Ra6 43. Rb7 Kd7 44. Bb6+ Kc6 45. Rb8 Bc4 46. Rc8+ Kb5 47. Kg3 Bd5 48. Kf2 Ra8 49. Rc7 Rb8 50. g3 Rb7 51. Rc5+ Ka6 52. Ke3 Rg7 53. Kf2 1/2-1/2

[Event "Olympiad Women 2024"]
[Site "Budapest HUN"]
[Date "2024.09.15"]
[Round "5.14"]
[Board "1"]
[White "Injac, Teodora"]
[Black "Movsesian, Julia"]
[Result "1-0"]
[WhiteElo "2425"]
[BlackElo "2198"]
[PlyCount "81"]
[EventDate "2024.09.11"]
[WhiteTeam "Serbia"]
[BlackTeam "Czech Republic"]
[WhiteTeamCountry "SRB"]
[BlackTeamCountry "CZE"]

1. c4 e6 2. Nf3 Nf6 3. g3 d5 4. Bg2 d4 5. d3 c5 6. e4 Nc6 7. e5 Nd7 8. Bf4 ({RR} 8. Qe2 Be7 9. h4 b6 10. Bf4 Bb7 11. Kf1 Qc7 12. Na3 a6 13. Nc2 O-O-O 14. a3 Kb8 15. Kg1 a5 16. b4 cxb4 17. axb4 Bxb4 18. Bg5 f6 19. exf6 gxf6 20. Bd2 Bxd2 21. Nxd2 e5 22. Na3 Nc5 {0-1 Grischuk,A (2778)-Mamedyarov,S (2782) Zagreb GCT Blitz 2021 (13)}) 8... Be7 9. h4 f6 ({RR} 9... O-O 10. Qe2 Qc7 11. Nbd2 a6 12. O-O Rb8 13. b3 Re8 14. Rfe1 Nf8 15. h5 b5 16. Ne4 Nd7 17. Rac1 b4 18. Qd2 Bb7 19. g4 Ncxe5 20. Nxe5 Nxe5 21. Nxc5 Bxc5 22. Bxe5 Bd6 23. Bxd6 Qxd6 24. Bxb7 {1-0 Hernandez,C (2366)-Ocampo,C (2034) 33rd Pobla De Lillet Open 2024 (8.3)}) ({RR} 9... Qc7 10. Nbd2 Ndxe5 11. Nxe5 Nxe5 12. O-O f5 13. b4 Bd6 14. bxc5 Qxc5 15. Nb3 Qb4 16. Nxd4 Nf7 17. Rb1 Qc5 18. Be3 Qc7 19. Nb5 Qd7 20. Nxa7 Nd8 21. Nxc8 Qxc8 22. Qb3 O-O 23. c5 f4 24. cxd6 {1-0 Injac,T (2426)-Radeva,V (2293) 27th ECC Women 2023 (5.4)}) 10. exf6 Nxf6 $146 ({RR} 10... Bxf6 11. O-O O-O 12. Nbd2 e5 13. Bg5 h6 14. Bxf6 Nxf6 15. Re1 Qc7 16. Nh2 Nb4 17. Ne4 Nxe4 18. Bxe4 Bf5 19. a3 Bxe4 20. Rxe4 Nc6 21. Qe2 Qf7 22. Kg2 Rae8 23. Re1 Re7 24. Nf3 Rfe8 25. Nd2 {1-0 Snape,I (2112)-Hutchinson,N (1979) ENG Chessable-ch Seniors 65+ 2022 (2)}) ({RR} 10... gxf6 11. Nxd4 Nxd4 12. Qh5+ Kf8 13. Bh6+ Kg8 14. Qg4+ Kf7 15. Qg7+ Ke8 16. Qxh8+ Nf8 17. O-O Nc2 18. Nc3 Nxa1 19. Rxa1 Kd7 20. Rd1 Kc7 21. d4 cxd4 22. Nb5+ Kb6 23. Rxd4 Bd7 24. Bxf8 Bxf8 25. Qxh7 {1-0 Batsiashvili,N (2487)-Mkrtchian,L (2388) EU-ch (Women) 21st 2021 (9)}) 11. Nbd2 O-O 12. O-O h6 13. Ne5 Nxe5 14. Bxe5 Nd7 15. Qe2 Nxe5 16. Qxe5 Bd6 17. Qe2 Qb6 18. Nf3 Bd7 19. Ne5 Bxe5 20. Qxe5 Rf6 21. Rae1 Raf8 22. Re2 Bc6 23. Be4 Bxe4 24. Qxe4 Qc7 25. Kg2 Qf7 26. f4 b6 27. a3 Qh5 28. Qf3 Qg6 29. h5 Qf7 30. Re5 Rf5 31. Rfe1 Rxe5 32. Rxe5 Qd7 33. Qe4 Rf6 34. b4 cxb4 35. axb4 Qa4 36. b5 Qc2+ 37. Qe2 Qxe2+ 38. Rxe2 Kf7 39. Ra2 e5 40. Rxa7+ Ke6 41. fxe5 1-0

[Event "Olympiad Women 2024"]
[Site "Budapest HUN"]
[Date "2024.09.15"]
[Round "5.14"]
[Board "2"]
[White "Kanakova, Natalie"]
[Black "Gajcin, Marina"]
[Result "0-1"]
[WhiteElo "2145"]
[BlackElo "2253"]
[PlyCount "90"]
[EventDate "2024.09.11"]
[WhiteTeam "Czech Republic"]
[BlackTeam "Serbia"]
[WhiteTeamCountry "CZE"]
[BlackTeamCountry "SRB"]

1. e4 c5 2. Nf3 Nc6 3. d4 cxd4 4. Nxd4 Nf6 5. Nc3 e5 6. Ndb5 d6 7. Bg5 a6 8. Na3 b5 9. Nd5 Be7 10. Bxf6 Bxf6 11. c4 b4 12. Nc2 a5 13. Qf3 Be7 14. Rd1 ({RR} 14. a3 bxa3 15. Qxa3 O-O 16. Bd3 Rb8 17. O-O Be6 18. Rfd1 Bxd5 19. cxd5 Nb4 20. Nxb4 Rxb4 21. Rd2 Rd4 22. Rdd1 Rb4 {½-½ Ponomariov,R (2719)-Radjabov,T (2751) RUS-chT Dagomys 2008 (1)}) 14... Bd7 $146 ({RR} 14... O-O 15. g3 Be6 16. h4 Rb8 17. b3 Qd7 18. Qe3 Bd8 19. c5 Ne7 20. Qd2 dxc5 21. Nf6+ gxf6 22. Qxd7 Bxd7 23. Rxd7 Nc8 24. Ne3 Nb6 25. Ra7 Ra8 26. Rxa8 Nxa8 27. Bc4 Nb6 28. Ke2 Bc7 29. Rc1 {1-0 Nepomniachtchi,I (2706)-Maletin,P (2617) RUS-ch Higher League 63rd 2010 (6)}) ({RR} 14... O-O 15. c5 Be6 16. Bb5 Rc8 17. Nb6 Rc7 18. Nc4 Bxc4 19. Bxc4 Nd4 20. Nxd4 exd4 21. Rxd4 Rxc5 22. b3 Bf6 23. Rd5 Bc3+ 24. Ke2 Rxd5 25. Bxd5 Kh8 26. Rd1 Qh4 27. g3 Qe7 28. Kf1 g6 29. a4 {½-½ Kokkila,T (2285)-Narva,M (2391) TCh-FIN 2023-24 (11.2)}) ({RR} 14... O-O 15. c5 dxc5 16. Nf6+ Bxf6 17. Rxd8 Rxd8 18. Bc4 Nd4 19. Nxd4 Rxd4 20. Bd5 Ra7 21. O-O c4 22. Rc1 Ba6 23. h4 h6 24. Qf5 Rc7 25. g4 Bc8 26. Qh5 Bb7 27. Bxb7 Rxb7 28. g5 hxg5 29. hxg5 {1-0 Barbero Sendic,A (2343)-Prats Rodriguez,J (2028) Barcelona Primavera La Lira op 5th 2012 (8)}) 15. Nxe7 Qxe7 16. Qd3 a4 17. Be2 Rb8 18. b3 Na5 19. O-O Be6 20. bxa4 Bxc4 21. Qd2 Bxe2 22. Qxe2 O-O 23. Ne3 Rfd8 24. Nf5 Qe6 25. Rd5 Nb7 26. a5 g6 27. Ne3 Nc5 28. Nc4 Na4 29. Qd3 Nc3 30. Rxd6 Rxd6 31. Qxd6 Qxd6 32. Nxd6 Nxa2 33. Ra1 b3 34. Nc4 Rc8 35. Nb2 Rc5 36. a6 Ra5 37. Nc4 Rxa6 38. g3 Ra4 39. Nd2 b2 40. Rb1 Rb4 41. Re1 Nc1 42. Nb1 Ra4 43. f4 Ra1 44. Nd2 Ne2+ 45. Kf2 Nc3 0-1